000 01283cam a2200325 a 4500
001 16341601
005 20150317153845.0
008 100720s2012 at a 001 0 eng
020 _a9781439056349
020 _a143905634X
040 _aDLC
_cDLC
_dDLC
082 0 0 _2697
_a22
_bSIL
100 1 _aSilberstein, Eugene.
245 1 0 _aResidential construction academy :
_bHVAC /
_cEugene Silberstein.
246 3 1 _aHVAC
250 _a2nd ed.
260 _aClifton Park :
_bDelmar, Cengage Learning,
_cc.2012.
300 _aliii, 826 p. :
_bill. ;
_c29 cm.
500 _aIncludes index.
650 0 _aDwellings
_xHeating and ventilation.
_928484
650 0 _aDwellings
_xAir conditioning.
653 _bENGMEC
_cMarch2015
655 _vreading book
_934232
856 4 2 _3Contributor biographical information
_uhttp://www.loc.gov/catdir/enhancements/fy1303/2010932977-b.html
856 4 2 _3Publisher description
_uhttp://www.loc.gov/catdir/enhancements/fy1303/2010932977-d.html
856 4 1 _3Table of contents only
_uhttp://www.loc.gov/catdir/enhancements/fy1303/2010932977-t.html
906 _a7
_bcbc
_corigcop
_d3
_eepcn
_f20
_gy-gencatlg
942 _2ddc
_k697 SIL
999 _c19053
_d19025